[Event "BL 1415 SG Turm Trier - SV Mülheim Nor"]
[Site "?"]
[Date "2015.04.12"]
[Round "15.2"]
[White "Cyborowski, Lukasz"]
[Black "Landa, Konstantin"]
[Result "1/2-1/2"]
[WhiteElo "2522"]
[BlackElo "2641"]
[PlyCount "52"]
[EventDate "2015.??.??"]

1. Nf3 d5 2. d4 c5 3. c4 cxd4 4. cxd5 Nf6 5. Qxd4 Qxd5 6. Nc3 Qxd4 7. Nxd4 a6
8. g3 e5 9. Nc2 Bd7 10. Bg2 Bc6 11. O-O Bxg2 12. Kxg2 Nbd7 13. Bg5 Bc5 14. Rfd1
Rc8 15. Rac1 h6 16. Bxf6 Nxf6 17. Na4 O-O 18. Nxc5 Rxc5 19. Ne3 Rxc1 20. Rxc1
Rd8 21. Kf1 g6 22. Ke1 Rd7 23. Rc5 e4 24. g4 Kg7 25. b4 Rd6 26. h3 b6 1/2-1/2

[Event "BL 1415 SG Turm Trier - SV Mülheim Nor"]
[Site "?"]
[Date "2015.04.12"]
[Round "15.3"]
[White "Fridman, Daniel"]
[Black "Gordon, Stephen J"]
[Result "1/2-1/2"]
[WhiteElo "2650"]
[BlackElo "2493"]
[PlyCount "41"]
[EventDate "2015.??.??"]

1. c4 e6 2. g3 d5 3. Bg2 dxc4 4. Na3 Bxa3 5. bxa3 c6 6. a4 e5 7. Qc2 Be6 8. Qb2
Qc7 9. Rb1 b6 10. f4 Nd7 11. Nf3 Bd5 12. O-O Ne7 13. Nxe5 Nxe5 14. fxe5 O-O 15.
Qc3 Rfe8 16. Bb2 Be6 17. Rf2 Rad8 18. Rbf1 Nd5 19. Qc1 Qd7 20. a3 c5 21. Qc2
1/2-1/2

[Event "BL 1415 SG Turm Trier - SV Mülheim Nor"]
[Site "?"]
[Date "2015.04.12"]
[Round "15.4"]
[White "Jaracz, Pawel"]
[Black "Tregubov, Pavel V"]
[Result "1/2-1/2"]
[WhiteElo "2506"]
[BlackElo "2620"]
[PlyCount "31"]
[EventDate "2015.??.??"]

1. e4 c5 2. Nf3 e6 3. d4 cxd4 4. Nxd4 Nc6 5. Nc3 Nf6 6. a3 Be7 7. Be2 O-O 8.
Be3 d5 9. exd5 Nxd5 10. Nxd5 Qxd5 11. Bf3 Qc4 12. Be2 Qd5 13. Bf3 Qc4 14. Be2
Qd5 15. Bf3 Qc4 16. Be2 1/2-1/2

[Event "BL 1415 SG Turm Trier - SV Mülheim Nor"]
[Site "?"]
[Date "2015.04.12"]
[Round "15.5"]
[White "Hausrath, Daniel"]
[Black "Galyas, Miklos"]
[Result "1/2-1/2"]
[WhiteElo "2501"]
[BlackElo "2449"]
[PlyCount "50"]
[EventDate "2015.??.??"]

1. g3 f5 2. d4 Nf6 3. Bg2 g6 4. Nh3 Bg7 5. Nf4 O-O 6. c3 Nc6 7. Qb3+ e6 8. h4
d5 9. Nd2 Na5 10. Qd1 c5 11. Nf3 Nc6 12. h5 Nxh5 13. Nxh5 gxh5 14. Rxh5 cxd4
15. cxd4 Qf6 16. Rh4 Bd7 17. Bg5 Qg6 18. Qd2 Rfc8 19. Kf1 a5 20. Bf4 a4 21. Ne5
Nxe5 22. dxe5 Qf7 23. Bf3 Be8 24. Bh6 Bxe5 25. Kg2 a3 1/2-1/2

[Event "BL 1415 SG Turm Trier - SV Mülheim Nor"]
[Site "?"]
[Date "2015.04.12"]
[Round "15.6"]
[White "Seger, Ruediger"]
[Black "Feygin, Michael"]
[Result "1/2-1/2"]
[WhiteElo "2366"]
[BlackElo "2487"]
[PlyCount "91"]
[EventDate "2015.??.??"]

1. e4 e6 2. d4 d5 3. Nd2 Nf6 4. e5 Nfd7 5. c3 c5 6. Bd3 Nc6 7. Ne2 cxd4 8. cxd4
a5 9. O-O a4 10. Nf3 h6 11. Nc3 Nb6 12. Bc2 Bd7 13. a3 Ra5 14. Nxa4 Nxd4 15.
Nxd4 Bxa4 16. b3 Bd7 17. Re1 Nc8 18. Bb2 g6 19. Qd2 Bg7 20. a4 O-O 21. h4 h5
22. g3 Ra8 23. Bd3 Na7 24. a5 Nc6 25. Nxc6 Bxc6 26. b4 Qd7 27. Qe2 Ba4 28. g4
hxg4 29. Qxg4 Bb5 30. Ra3 Rfc8 31. h5 Bxd3 32. Rxd3 Qe8 33. hxg6 fxg6 34. Ree3
Rc4 35. Qg2 Rxb4 36. Rg3 Rc8 37. Rxg6 Rc7 38. Rdg3 Qf8 39. Ba3 Rb1+ 40. Kh2 Qf4
41. Bd6 Rf7 42. R6g4 Qh6+ 43. Rh3 Qd2 44. Rhg3 Qh6+ 45. Rh3 Qd2 46. Rhg3
1/2-1/2

[Event "BL 1415 SG Turm Trier - SV Mülheim Nor"]
[Site "?"]
[Date "2015.04.12"]
[Round "15.7"]
[White "Saltaev, Mihail"]
[Black "Kolbus, Dietmar"]
[Result "1-0"]
[WhiteElo "2490"]
[BlackElo "2307"]
[PlyCount "83"]
[EventDate "2015.??.??"]

1. e4 e5 2. Bc4 Nf6 3. d3 Nc6 4. Nf3 Bc5 5. O-O O-O 6. c3 d6 7. Bb3 Bb6 8. Nbd2
Be6 9. Nc4 Na5 10. Nxa5 Bxa5 11. Bxe6 fxe6 12. Ng5 Qc8 13. Qb3 Re8 14. f4 Bb6+
15. Kh1 exf4 16. Bxf4 h6 17. Nh3 Kh7 18. e5 dxe5 19. Bxe5 Ng4 20. d4 Nxe5 21.
dxe5 Qd7 22. Nf4 Qf7 23. c4 Kg8 24. Rf3 Rad8 25. Raf1 Qd7 26. Qc2 Bd4 27. Ng6
c5 28. b3 a6 29. h4 b5 30. h5 bxc4 31. bxc4 Rb8 32. Qe4 Qc7 33. Qf4 Kh7 34. Qg4
Kg8 35. Qe4 Qd7 36. Rf4 Qc7 37. Kh2 Qd7 38. Kh3 Qc7 39. g3 Qd7 40. Qf3 Rb7 41.
Rf8+ Kh7 42. Qxb7 1-0

[Event "BL 1415 SG Turm Trier - SV Mülheim Nor"]
[Site "?"]
[Date "2015.04.12"]
[Round "15.8"]
[White "Yankelevich, Lev"]
[Black "Dinstuhl, Volkmar"]
[Result "1/2-1/2"]
[WhiteElo "2413"]
[BlackElo "2410"]
[PlyCount "41"]
[EventDate "2015.??.??"]

1. d4 Nf6 2. c4 e6 3. Nf3 b6 4. g3 Bb7 5. Bg2 Be7 6. O-O O-O 7. Nc3 Ne4 8. Bd2
Bf6 9. Ne5 Nxc3 10. Bxc3 Bxg2 11. Kxg2 d5 12. Qa4 Qe8 13. Qxe8 Rxe8 14. cxd5
exd5 15. Ng4 Nd7 16. Nxf6+ Nxf6 17. e3 a5 18. Rfc1 Re6 19. Be1 c6 20. a4 h5 21.
h4 1/2-1/2

[Event "BL 1516 OSG Baden Baden - SV Hockenheim"]
[Site "?"]
[Date "2015.09.19"]
[Round "1.1"]
[White "Wagner, Dennis"]
[Black "Shirov, Alexei"]
[Result "0-1"]
[WhiteElo "2579"]
[BlackElo "2712"]
[PlyCount "64"]
[EventDate "2015.??.??"]

1. d4 d5 2. c4 c6 3. Nf3 Nf6 4. e3 Bg4 5. h3 Bh5 6. g4 Bg6 7. Ne5 Nbd7 8. Nxg6
hxg6 9. Bg2 e6 10. Nd2 Bd6 11. O-O O-O 12. f4 c5 13. g5 Nh5 14. cxd5 exd5 15.
Bxd5 cxd4 16. Ne4 Nc5 17. Nxd6 Qxd6 18. Qxd4 Rfd8 19. Rd1 Ne6 20. Qa4 Nhxf4 21.
exf4 Qc5+ 22. Kh2 Rxd5 23. Rxd5 Qxd5 24. Be3 Nxg5 25. Qb3 Nf3+ 26. Kg3 Qe4 27.
Rf1 Nh4 28. Kxh4 Rd8 29. Bc1 g5+ 30. Kh5 Rd3 31. Qb5 Qe2+ 32. Kxg5 Qg2+ 0-1

[Event "BL 1516 OSG Baden Baden - SV Hockenheim"]
[Site "?"]
[Date "2015.09.19"]
[Round "1.2"]
[White "Bacrot, Etienne"]
[Black "Balogh, Csaba"]
[Result "1-0"]
[WhiteElo "2692"]
[BlackElo "2659"]
[PlyCount "101"]
[EventDate "2015.??.??"]

1. e4 e5 2. Nf3 Nc6 3. Bb5 Nf6 4. O-O Nxe4 5. Re1 Nd6 6. Nxe5 Be7 7. Bf1 Nf5 8.
Nf3 d5 9. d4 O-O 10. g3 Bf6 11. c3 Re8 12. Rxe8+ Qxe8 13. Bf4 Qd8 14. Bd3 Nfe7
15. Nbd2 Bf5 16. Bxf5 Nxf5 17. Qe2 g6 18. Nb3 b6 19. Re1 Ng7 20. Nc1 Qd7 21.
Qa6 Ne6 22. Nd3 Qc8 23. Qb5 Qd7 24. Nb4 Nxf4 25. Qxc6 Qxc6 26. Nxc6 Ne6 27.
Nfe5 Kg7 28. Ng4 a5 29. Nxf6 Kxf6 30. Re5 Re8 31. Kf1 Ng7 32. Rxd5 Nf5 33. Re5
Re6 34. Rxe6+ Kxe6 35. Ne5 c5 36. Nc4 cxd4 37. Nxb6 dxc3 38. bxc3 Nd6 39. Ke2
Ne4 40. Na4 Kd5 41. f3 Nd6 42. Nb2 h5 43. Kd3 h4 44. c4+ Kc5 45. Kc3 hxg3 46.
Nd3+ Kb6 47. hxg3 Nf5 48. g4 Nh4 49. f4 f6 50. Ne1 Kc5 51. a4 1-0

[Event "BL 1516 OSG Baden Baden - SV Hockenheim"]
[Site "?"]
[Date "2015.09.19"]
[Round "1.3"]
[White "Buhmann, Rainer"]
[Black "Vallejo Pons, Francisco"]
[Result "1/2-1/2"]
[WhiteElo "2612"]
[BlackElo "2689"]
[PlyCount "40"]
[EventDate "2015.??.??"]

1. d4 f5 2. g3 Nf6 3. Bg2 g6 4. Nf3 Bg7 5. c4 d6 6. O-O O-O 7. Nc3 c6 8. b3 Na6
9. Bb2 Qc7 10. Rc1 e5 11. Nb5 Qd8 12. dxe5 dxe5 13. Ba3 e4 14. Ng5 h6 15. Nh3
cxb5 16. cxb5 Re8 17. Qxd8 Rxd8 18. bxa6 b6 19. Nf4 g5 20. Ng6 Nd5 1/2-1/2

[Event "BL 1516 OSG Baden Baden - SV Hockenheim"]
[Site "?"]
[Date "2015.09.19"]
[Round "1.4"]
[White "Naiditsch, Arkadij"]
[Black "Baramidze, David"]
[Result "1-0"]
[WhiteElo "2684"]
[BlackElo "2604"]
[PlyCount "73"]
[EventDate "2015.??.??"]

1. e4 e5 2. Nf3 Nc6 3. Nc3 Nf6 4. Bb5 Bb4 5. O-O O-O 6. d3 d6 7. Ne2 Ne7 8. c3
Ba5 9. Ng3 Ng6 10. d4 c6 11. Bd3 Re8 12. h3 Nf4 13. Bc2 Bc7 14. Re1 g6 15. Be3
Qe7 16. Qd2 N6h5 17. Nxh5 Nxh5 18. Rad1 a5 19. a4 Be6 20. Ng5 Bc4 21. b3 Ba6
22. d5 Nf6 23. c4 cxd5 24. exd5 Qf8 25. Nf3 Nd7 26. Bh6 Qe7 27. Ng5 Bb6 28. Kh1
Bc5 29. Rf1 Bb4 30. Qe3 f5 31. f4 Qf6 32. fxe5 Rxe5 33. Qg3 Rae8 34. Ne6 b6 35.
Nc7 Bc8 36. Nxe8 Rxe8 37. Bxf5 1-0

[Event "BL 1516 OSG Baden Baden - SV Hockenheim"]
[Site "?"]
[Date "2015.09.19"]
[Round "1.5"]
[White "Banusz, Tamas"]
[Black "Nielsen, Peter Heine"]
[Result "1/2-1/2"]
[WhiteElo "2600"]
[BlackElo "2655"]
[PlyCount "120"]
[EventDate "2015.??.??"]

1. Nf3 Nf6 2. c4 e6 3. g3 d5 4. Bg2 Be7 5. d4 O-O 6. O-O dxc4 7. Qc2 a6 8. a4
Bd7 9. Qxc4 Bc6 10. Bf4 Bd6 11. Bg5 Nbd7 12. Nc3 h6 13. Bxf6 Nxf6 14. Ne1 Bxg2
15. Nxg2 a5 16. Rad1 Bb4 17. Nf4 c6 18. Nd3 Qb6 19. e3 Rfd8 20. Qb3 Ra6 21. Qc2
Raa8 22. Qb3 Ra6 23. Ne5 Bf8 24. Qc2 Raa8 25. Nc4 Qa6 26. b3 Bb4 27. Ne2 Rac8
28. Nf4 Nd5 29. Ne5 Ne7 30. Qe4 Rf8 31. Qf3 Bd6 32. Qg4 Bxe5 33. dxe5 Rfd8 34.
Qh4 Rxd1 35. Rxd1 Nd5 36. Qg4 Nxf4 37. exf4 Qb6 38. f5 Qxb3 39. f6 g6 40. Rd7
Rf8 41. Qd4 c5 42. Qxc5 Qxa4 43. Qe7 g5 44. h3 Qb5 45. Kh2 Qb6 46. Kg2 Qc6+ 47.
Kg1 Qb5 48. h4 gxh4 49. gxh4 h5 50. Kg2 Qb4 51. Qxb4 axb4 52. Rxb7 Kh7 53. Kf3
Kg6 54. Ke4 Ra8 55. Rxb4 Ra1 56. Rd4 Re1+ 57. Kf4 Rh1 58. Kg3 Re1 59. Kf4 Rh1
60. Kg3 Re1 1/2-1/2

[Event "BL 1516 OSG Baden Baden - SV Hockenheim"]
[Site "?"]
[Date "2015.09.19"]
[Round "1.6"]
[White "Meier, Georg"]
[Black "Braun, Arik"]
[Result "1/2-1/2"]
[WhiteElo "2656"]
[BlackElo "2563"]
[PlyCount "104"]
[EventDate "2015.??.??"]

1. Nf3 Nf6 2. g3 d5 3. Bg2 c6 4. O-O Bf5 5. c4 e6 6. cxd5 exd5 7. d3 Be7 8. Qb3
Qb6 9. Qc2 Qc5 10. Nc3 Nbd7 11. b4 Qb6 12. e4 dxe4 13. dxe4 Bg6 14. Be3 Qxb4
15. Rab1 Qc4 16. Nd2 Qa6 17. Rfe1 b6 18. Ne2 O-O 19. Nd4 Rac8 20. Bh3 Rfe8 21.
f3 Bc5 22. Qc3 Qa4 23. Qc4 Qxc4 24. Nxc4 Rc7 25. Red1 Nf8 26. Rbc1 Ne6 27. Nxe6
Bxe3+ 28. Nxe3 fxe6 29. Rd6 c5 30. Bxe6+ Bf7 31. Bxf7+ Kxf7 32. a4 Re6 33. Rd2
Rd7 34. Rcd1 Rxd2 35. Rxd2 Nxe4 36. fxe4 Rxe4 37. Kf2 Rxa4 38. Rd7+ Kg6 39. Kf3
h5 40. Nd5 h4 41. Nf4+ Kf6 42. gxh4 c4 43. Rc7 b5 44. Rc5 a6 45. h5 Ra1 46. h4
Rf1+ 47. Ke4 Re1+ 48. Kd4 Rd1+ 49. Ke4 Re1+ 50. Kf3 Rf1+ 51. Ke3 Re1+ 52. Kd4
Rd1+ 1/2-1/2

[Event "BL 1516 OSG Baden Baden - SV Hockenheim"]
[Site "?"]
[Date "2015.09.19"]
[Round "1.7"]
[White "Paehtz, Elisabeth"]
[Black "Gustafsson, Jan"]
[Result "0-1"]
[WhiteElo "2452"]
[BlackElo "2634"]
[PlyCount "230"]
[EventDate "2015.??.??"]

1. e4 e5 2. Nf3 Nc6 3. Bc4 Bc5 4. d3 Nf6 5. O-O O-O 6. h3 d6 7. c3 Ne7 8. Re1
Ng6 9. Bb3 Qe7 10. Bc2 Bb6 11. Na3 Nh5 12. Nc4 Nhf4 13. Nxb6 axb6 14. d4 Qf6
15. Kh2 Nh4 16. Nxh4 Qxh4 17. Qf3 g5 18. Qg3 Qh6 19. Bd1 Kh8 20. Bg4 Qg6 21.
Bxc8 Rfxc8 22. Bxf4 gxf4 23. Qxg6 hxg6 24. dxe5 dxe5 25. a3 Rd8 26. Rad1 Kg7
27. Kg1 Kf6 28. Kf1 Ke6 29. Rxd8 Rxd8 30. Ke2 f5 31. exf5+ gxf5 32. Rd1 Rh8 33.
Kf3 b5 34. Rd2 c6 35. Rd1 Ke7 36. Rd2 Rh4 37. Ke2 e4 38. Rd4 Ke6 39. Rd8 Rh7
40. Rd4 Rh8 41. Rd1 Rg8 42. Kf1 c5 43. Rd2 Ra8 44. Ke2 b4 45. axb4 cxb4 46.
cxb4 Ra4 47. Rd4 Ke5 48. Rc4 b6 49. h4 Ra1 50. Rc6 Rg1 51. Rxb6 Rxg2 52. Rb5+
Ke6 53. Rb6+ Ke5 54. Rb5+ Kd4 55. Rxf5 f3+ 56. Kf1 Rh2 57. Kg1 Rxh4 58. Rc5 Rh8
59. Rc3 Rb8 60. Rb3 Kc4 61. Rc3+ Kxb4 62. Re3 Re8 63. Rc3 Rh8 64. Re3 Rh4 65.
Rc3 Kb5 66. Rc8 Kb4 67. Rc3 Ka4 68. Ra3+ Kb5 69. Rc3 Kb4 70. Rc8 Kb3 71. Rc7
Kxb2 72. Rc8 Kb3 73. Rc7 Rg4+ 74. Kf1 Rg8 75. Ke1 Rd8 76. Rc6 Rd4 77. Rc8 Rc4
78. Rb8+ Kc2 79. Rb7 Rc8 80. Ra7 Rc5 81. Ra8 Rb5 82. Rc8+ Kd3 83. Rd8+ Kc4 84.
Rc8+ Kd4 85. Rd8+ Ke5 86. Re8+ Kf4 87. Rf8+ Rf5 88. Re8 Rf7 89. Rg8 Rf5 90. Re8
Rh5 91. Rf8+ Kg4 92. Rg8+ Rg5 93. Rh8 Rg6 94. Re8 Kh3 95. Kf1 Ra6 96. Rh8+ Kg4
97. Rg8+ Kf5 98. Rf8+ Ke5 99. Re8+ Kd5 100. Rd8+ Kc5 101. Rc8+ Kd6 102. Rc1 Ke5
103. Ke1 Kf4 104. Rc8 Ra1+ 105. Kd2 e3+ 106. fxe3+ Kg3 107. Rg8+ Kh2 108. Rh8+
Kg2 109. Rg8+ Kf1 110. e4 f2 111. e5 Ra2+ 112. Kd1 Ra5 113. e6 Rd5+ 114. Kc2
Re5 115. Rg6 Ke1 0-1

[Event "BL 1516 OSG Baden Baden - SV Hockenheim"]
[Site "?"]
[Date "2015.09.19"]
[Round "1.8"]
[White "Schlosser, Philipp"]
[Black "Boguslavskyy, Oleg"]
[Result "1/2-1/2"]
[WhiteElo "2568"]
[BlackElo "2454"]
[PlyCount "45"]
[EventDate "2015.??.??"]

1. c4 e5 2. Nc3 Nc6 3. Nf3 Nf6 4. a3 d5 5. cxd5 Nxd5 6. Qc2 Be7 7. e3 O-O 8.
Be2 Be6 9. b4 Nxc3 10. dxc3 f6 11. O-O Qe8 12. Bb2 Qf7 13. Nd2 Rad8 14. Rfd1
Rd7 15. c4 Rfd8 16. Qc3 Bf8 17. c5 a6 18. Nf1 Rxd1 19. Rxd1 Rxd1 20. Bxd1 Qd7
21. Bf3 Nd8 22. Nd2 Qb5 23. Nb3 1/2-1/2

[Event "BL 1516 Bayern München - SV Griesheim"]
[Site "?"]
[Date "2015.09.19"]
[Round "1.1"]
[White "Klekowski, Maciej"]
[Black "Bischoff, Klaus"]
[Result "0-1"]
[WhiteElo "2478"]
[BlackElo "2488"]
[PlyCount "98"]
[EventDate "2015.??.??"]

1. c4 g6 2. Nc3 Bg7 3. g3 d6 4. d4 c6 5. Bg2 a6 6. e4 b5 7. Nge2 bxc4 8. Qa4
Nf6 9. Qxc4 O-O 10. O-O a5 11. Re1 Nfd7 12. Qb3 Na6 13. Qd1 Bb7 14. Be3 c5 15.
f4 cxd4 16. Nxd4 Ndc5 17. a3 Rb8 18. Qe2 Bxd4 19. Bxd4 Nb3 20. Ba7 Nxa1 21.
Bxb8 Qb6+ 22. Qf2 Qxf2+ 23. Kxf2 Nc2 24. Rc1 Ncb4 25. axb4 Nxb4 26. Ra1 Rxb8
27. Rxa5 Ba6 28. e5 dxe5 29. fxe5 Nd3+ 30. Ke3 Bc4 31. Kd4 Nxb2 32. Bd5 Rb4 33.
Ra8+ Kg7 34. Ke3 Rb3 35. Kd4 Rb4 36. Ke3 Nd1+ 37. Nxd1 Bxd5 38. Ra5 Re4+ 39.
Kf2 Rxe5 40. Ne3 e6 41. h4 Re4 42. Ra7 Rb4 43. Rd7 Rb2+ 44. Kf1 Bf3 45. Rc7 h6
46. Rc5 f5 47. Rc7+ Kf6 48. Rh7 e5 49. Rd7 f4 0-1

[Event "BL 1516 Bayern München - SV Griesheim"]
[Site "?"]
[Date "2015.09.19"]
[Round "1.2"]
[White "Schenk, Andreas"]
[Black "Bulski, Krzysztof"]
[Result "1/2-1/2"]
[WhiteElo "2483"]
[BlackElo "2532"]
[PlyCount "33"]
[EventDate "2015.??.??"]

1. Nf3 Nf6 2. c4 g6 3. Nc3 d5 4. cxd5 Nxd5 5. e4 Nxc3 6. bxc3 Bg7 7. Be2 c5 8.
O-O Nc6 9. Qa4 Bd7 10. Qa3 b6 11. h3 O-O 12. Rd1 e5 13. Bb2 Be6 14. Qa4 Bd7 15.
Qa3 Be6 16. Qa4 Bd7 17. Qa3 1/2-1/2

[Event "BL 1516 Bayern München - SV Griesheim"]
[Site "?"]
[Date "2015.09.19"]
[Round "1.3"]
[White "Krassowizkij, Jaroslaw"]
[Black "Fedorovsky, Michael"]
[Result "1/2-1/2"]
[WhiteElo "2429"]
[BlackElo "2451"]
[PlyCount "48"]
[EventDate "2015.??.??"]

1. e4 e5 2. Nf3 Nc6 3. Bb5 a6 4. Bxc6 dxc6 5. O-O Bg4 6. h3 h5 7. d3 Qf6 8.
Nbd2 Ne7 9. Re1 Ng6 10. d4 Bd6 11. c4 Nf4 12. Qb3 Bxh3 13. dxe5 Qg6 14. g3 Bc5
15. Nf1 Ne6 16. Qxb7 O-O 17. Nh4 Qg4 18. Be3 Bxf1 19. Kxf1 Qxe4 20. Bxc5 Qh1+
21. Ke2 Qe4+ 22. Kf1 Qh1+ 23. Ke2 Qe4+ 24. Kf1 Qh1+ 1/2-1/2

[Event "BL 1516 Bayern München - SV Griesheim"]
[Site "?"]
[Date "2015.09.19"]
[Round "1.4"]
[White "Dragnev, Valentin"]
[Black "Chabanon, Jean-Luc"]
[Result "1-0"]
[WhiteElo "2385"]
[BlackElo "2472"]
[PlyCount "51"]
[EventDate "2015.??.??"]

1. e4 c6 2. d4 d5 3. Nd2 dxe4 4. Nxe4 Nf6 5. Nxf6+ gxf6 6. Nf3 Bg4 7. Be2 Nd7
8. Bf4 e6 9. O-O Rg8 10. c4 f5 11. d5 cxd5 12. cxd5 Bxf3 13. Bxf3 e5 14. d6 Qb6
15. Be3 Qxd6 16. Qb3 e4 17. Bh5 Rg7 18. Rfd1 Qc6 19. Rac1 Nc5 20. Qc3 Nd7 21.
Qb3 Nc5 22. Bxc5 Bxc5 23. Qc3 Qh6 24. Qxc5 Qxh5 25. Qe5+ Kf8 26. Qd6+ 1-0

[Event "BL 1516 Bayern München - SV Griesheim"]
[Site "?"]
[Date "2015.09.19"]
[Round "1.5"]
[White "Izsak, Gyula"]
[Black "Belezky, Alexander"]
[Result "0-1"]
[WhiteElo "2443"]
[BlackElo "2455"]
[PlyCount "88"]
[EventDate "2015.??.??"]

1. d4 Nf6 2. c4 e6 3. Nf3 Bb4+ 4. Bd2 a5 5. Qc2 d6 6. Nc3 Nc6 7. a3 Bxc3 8.
Bxc3 Qe7 9. e4 e5 10. d5 Nb8 11. b4 Na6 12. Rb1 O-O 13. Be2 Bd7 14. O-O Qe8 15.
Nd2 Ba4 16. Qb2 Nd7 17. Nb3 Bxb3 18. Qxb3 axb4 19. axb4 c5 20. dxc6 bxc6 21.
Ra1 c5 22. b5 Nc7 23. Rfd1 Qe7 24. Rxa8 Rxa8 25. b6 Ne6 26. b7 Rb8 27. Ra1 Ndf8
28. Ra7 Nd8 29. Qb6 Rxb7 30. Rxb7 Nxb7 31. Bg4 Qg5 32. Be2 Qc1+ 33. Bf1 Qxc3
34. Qxb7 Qd4 35. g3 g6 36. h4 h5 37. Qd5 Nh7 38. Kg2 Nf6 39. Qa8+ Kg7 40. f3
Qd2+ 41. Kh3 g5 42. hxg5 Nh7 43. f4 exf4 44. Qa1+ Kg6 0-1

[Event "BL 1516 Bayern München - SV Griesheim"]
[Site "?"]
[Date "2015.09.19"]
[Round "1.6"]
[White "Reich, Thomas"]
[Black "Faragó, Ivßn"]
[Result "1/2-1/2"]
[WhiteElo "2406"]
[BlackElo "2402"]
[PlyCount "52"]
[EventDate "2015.??.??"]

1. d4 Nf6 2. Nf3 e6 3. c4 b6 4. Nc3 Bb4 5. Bd2 Bb7 6. e3 O-O 7. Bd3 d5 8. cxd5
exd5 9. O-O Bd6 10. Rc1 a6 11. Ne5 c5 12. Ne2 Nbd7 13. f4 Ne4 14. Bxe4 dxe4 15.
Nxd7 Qxd7 16. Bc3 Rfd8 17. Qe1 Bf8 18. h3 Rac8 19. dxc5 bxc5 20. Ng3 f6 21. Nh5
Qf7 22. g4 c4 23. Ng3 Rd3 24. Nf5 Bc5 25. Qf2 Re8 26. Rce1 Bc8 1/2-1/2

[Event "BL 1516 Bayern München - SV Griesheim"]
[Site "?"]
[Date "2015.09.19"]
[Round "1.7"]
[White "Baskin, Robert"]
[Black "Richter, Wolfgang"]
[Result "1/2-1/2"]
[WhiteElo "2329"]
[BlackElo "2385"]
[PlyCount "41"]
[EventDate "2015.??.??"]

1. e4 a6 2. d4 b5 3. Bd3 Bb7 4. Nf3 Nf6 5. Qe2 e6 6. Nbd2 c5 7. c3 Be7 8. Nf1
cxd4 9. cxd4 Nc6 10. Ng3 Qa5+ 11. Bd2 Bb4 12. Bxb4 Qxb4+ 13. Qd2 Ke7 14. Rc1
Rhc8 15. Bb1 Qxd2+ 16. Kxd2 d6 17. Rhd1 g6 18. h3 Na7 19. Rxc8 Rxc8 20. Rc1
Rxc1 21. Kxc1 1/2-1/2

[Event "BL 1516 Bayern München - SV Griesheim"]
[Site "?"]
[Date "2015.09.19"]
[Round "1.8"]
[White "Zwanzger, Johannes"]
[Black "Walter, Stefan"]
[Result "0-1"]
[WhiteElo "2277"]
[BlackElo "2402"]
[PlyCount "120"]
[EventDate "2015.??.??"]

1. e4 e5 2. Nf3 Nc6 3. Bb5 a6 4. Ba4 Nf6 5. O-O Be7 6. Re1 b5 7. Bb3 d6 8. c3
O-O 9. h3 Na5 10. Bc2 c5 11. d4 Nd7 12. dxc5 dxc5 13. Nbd2 Bb7 14. Nf1 Nc4 15.
Qe2 Re8 16. Ng3 g6 17. Nh2 Bg5 18. b3 Ncb6 19. Qg4 Bxc1 20. Raxc1 Qf6 21. Qf3
Qxf3 22. Nxf3 Rad8 23. Rcd1 f6 24. Rd2 Nf8 25. Red1 Rxd2 26. Rxd2 Kf7 27. Nh2
Ke7 28. Ng4 Ne6 29. Kf1 b4 30. cxb4 cxb4 31. Ne2 Rc8 32. Ne3 a5 33. f3 Ba6 34.
Ke1 Bxe2 35. Kxe2 Nd4+ 36. Kd1 Rc7 37. Bb1 Ke6 38. Bd3 Rc3 39. Nc4 Nxc4 40.
Bxc4+ Kd6 41. Bg8 Ke7 42. Bd5 h6 43. Bg8 h5 44. Bd5 h4 45. Bg8 Re3 46. Bc4 Rc3
47. Bg8 f5 48. exf5 gxf5 49. f4 Kf6 50. fxe5+ Kxe5 51. Ke1 Ke4 52. Kf2 Nc2 53.
Bd5+ Ke5 54. Bg8 Ne3 55. Rd8 Ke4 56. Rd2 Rc7 57. Re2 f4 58. Be6 Rc1 59. Rd2
Rf1+ 60. Ke2 Rg1 0-1

[Event "BL 1516 Schwäbisch Hall - SG Solingen"]
[Site "?"]
[Date "2015.09.19"]
[Round "1.1"]
[White "Rapport, Richard"]
[Black "Li, Chao"]
[Result "1-0"]
[WhiteElo "2649"]
[BlackElo "2756"]
[PlyCount "73"]
[EventDate "2015.??.??"]

1. Nf3 Nf6 2. c4 c5 3. Nc3 d5 4. cxd5 Nxd5 5. e3 Nxc3 6. bxc3 g6 7. Qa4+ Nd7 8.
h4 h5 9. Qc2 Bg7 10. a4 O-O 11. Bc4 Nb6 12. Ba2 Bf5 13. e4 Bg4 14. Ng5 a5 15.
Rb1 c4 16. Ba3 Rc8 17. Rb5 Bd7 18. Rxa5 Nxa4 19. Bb4 b5 20. O-O Qb6 21. d4 e5
22. Rb1 Rfd8 23. Rxa4 bxa4 24. Bc5 Qf6 25. Bxc4 Be8 26. Rb6 Rxc5 27. dxc5 Qe7
28. Qa2 Bf6 29. Bd5 Bxg5 30. Rxg6+ Kf8 31. Rxg5 Qxc5 32. Rf5 Qxc3 33. Bxf7 Qe1+
34. Kh2 Qxe4 35. Bg6+ Qxf5 36. Qa3+ Kg7 37. Bxf5 1-0

[Event "BL 1516 Schwäbisch Hall - SG Solingen"]
[Site "?"]
[Date "2015.09.19"]
[Round "1.2"]
[White "Gharamian, Tigran"]
[Black "Ragger, Markus"]
[Result "0-1"]
[WhiteElo "2660"]
[BlackElo "2695"]
[PlyCount "64"]
[EventDate "2015.??.??"]

1. e4 e5 2. Nf3 Nc6 3. Bb5 a6 4. Ba4 Nf6 5. O-O Be7 6. d3 d6 7. c3 O-O 8. Nbd2
b5 9. Bc2 d5 10. Re1 d4 11. h3 Nd7 12. Nf1 Nc5 13. Ng3 a5 14. Ne2 a4 15. Nxe5
Nxe5 16. cxd4 Nc6 17. dxc5 Bxc5 18. Be3 Nd4 19. Qd2 Bb4 20. Nc3 a3 21. Bb3 c5
22. Rec1 Bxh3 23. bxa3 Rxa3 24. Qb2 Nf3+ 25. gxf3 Qf6 26. Kh2 c4 27. Rg1 Be6
28. Bg5 Bd6+ 29. Kg2 Qxg5+ 30. Kf1 Qf6 31. dxc4 bxc4 32. Rd1 Bb4 0-1

[Event "BL 1516 Schwäbisch Hall - SG Solingen"]
[Site "?"]
[Date "2015.09.19"]
[Round "1.3"]
[White "L'Ami, Erwin"]
[Black "Postny, Evgeny"]
[Result "1/2-1/2"]
[WhiteElo "2614"]
[BlackElo "2653"]
[PlyCount "57"]
[EventDate "2015.??.??"]

1. d4 d5 2. c4 c6 3. Nf3 Nf6 4. Nc3 a6 5. e3 Bf5 6. Bd3 Bxd3 7. Qxd3 e6 8. O-O
Bb4 9. Bd2 O-O 10. a3 Ba5 11. b4 Bc7 12. e4 h6 13. a4 Re8 14. Rfe1 Nxe4 15.
Nxe4 dxe4 16. Qxe4 Nd7 17. Bc3 Nf6 18. Qe2 b5 19. axb5 axb5 20. cxb5 Nd5 21.
Bd2 cxb5 22. Qxb5 Bd6 23. Qc4 Rc8 24. Qb3 Rb8 25. Ra4 Re7 26. Ne5 Bxe5 27. dxe5
Rd7 28. Ra2 Qh4 29. Qg3 1/2-1/2

[Event "BL 1516 Schwäbisch Hall - SG Solingen"]
[Site "?"]
[Date "2015.09.19"]
[Round "1.4"]
[White "Cornette, Matthieu"]
[Black "Van Kampen, Robin"]
[Result "1/2-1/2"]
[WhiteElo "2591"]
[BlackElo "2615"]
[PlyCount "86"]
[EventDate "2015.??.??"]

1. e4 c5 2. Nf3 e6 3. d4 cxd4 4. Nxd4 Nc6 5. Nc3 Qc7 6. Be3 a6 7. Qd2 Nf6 8. f4
Bb4 9. Bd3 Na5 10. a3 Bxc3 11. Qxc3 Qxc3+ 12. bxc3 d5 13. e5 Ne4 14. Nb3 Nc4
15. Bxc4 dxc4 16. Na5 Bd7 17. Bd4 Rc8 18. Rb1 b5 19. Ke2 O-O 20. Rbd1 Be8 21.
Ke3 f5 22. exf6 Nxf6 23. g3 Bg6 24. Kd2 Be4 25. Rhe1 Bd5 26. Kc1 Bf3 27. Rxe6
Bxd1 28. Kxd1 Rfe8 29. Rxa6 Ra8 30. Rxa8 Rxa8 31. Nb7 Rxa3 32. Nd6 Ra1+ 33. Ke2
Rb1 34. Kf3 Rf1+ 35. Kg2 Rc1 36. Nxb5 Rxc2+ 37. Kf3 Rxh2 38. Na3 Kf7 39. Nxc4
h5 40. f5 Rh1 41. Ne3 Ra1 42. Kf4 Ra2 43. Kf3 Ra1 1/2-1/2